| 000 | 00577 a2200181 4500 | ||
|---|---|---|---|
| 003 | Nust | ||
| 005 | 20221012180309.0 | ||
| 020 | _a8175961562 | ||
| 040 | _cNust | ||
| 082 | _a540.712,MAT | ||
| 100 |
_aMatthews, Philip _972697 |
||
| 245 |
_aAdvanced Chmistry _bphysical and Industrial _cPhilip Matthews. |
||
| 260 |
_aCambridge _bCambridge university press _c2006 |
||
| 300 | _a976 :P | ||
| 505 | _aPART-A: Physical Chemistry (Page-1) PART-B: Industrial Chemistry (Page-495) PART-C: Inorganic Chemistry (Page-531). | ||
| 650 |
_aAdvanced Chmistry _9100064 |
||
| 942 |
_2ddc _cBK |
||
| 999 |
_c179296 _d179296 |
||